000
00307nam a22001337a 4500
008
181224b xxu||||| |||| 00| 0 eng d
020
_a
9780321146021
041
_a
eng
080
_2
7th
_a
371
100
_a
46
101
_a
EDU
245
_a
Breaking Through College Reading
_c
Smith,B.D
942
_2
udc
_c
BK
999
_c
53703
_d
53703